| 000 | nam a22 7a 4500 | ||
|---|---|---|---|
| 999 |
_c219603 _d219603 |
||
| 003 | Nust | ||
| 005 | 20170215095444.0 | ||
| 008 | 170215b xxu||||| |||| 00| 0 eng d | ||
| 040 | _c0 | ||
| 082 | _a327.95491 | ||
| 100 | _4Jameel ahmed Pal | ||
| 245 |
_aPakistan ki kharja policy _cJameel ahmed Pal |
||
| 260 |
_aLahore _bNew Book Palace _c1996 |
||
| 300 | _a319p | ||
| 942 |
_2ddc _cBK |
||